000 00281nam a2200109Ia 4500
008 190906s9999||||xx |||||||||||||| ||und||
100 _aTocci, Ambrosio
245 0 _aMicroprocessors And Microcomputers
260 _aNew York
_bPrentice Hall Inc.
_c1997
300 _a565
942 _cBK
999 _c5982
_d5982